[Event "TCh-RUS"]
[Site "Togliatti RUS"]
[Date "2003.05.20"]
[Round "5"]
[White "Zvjaginsev,V"]
[Black "Balashov,Y"]
[Result "1-0"]
[WhiteElo "2664"]
[BlackElo "2494"]
[EventDate "2003.05.16"]

1. c4 Nf6 2. Nc3 c5 3. Nf3 Nc6 4. d4 cxd4 5. Nxd4 e6 6. a3 Nxd4 7. Qxd4 b6
8. Qf4 Bb7 9. e4 d6 10. Bd3 Be7 11. Qg3 O-O 12. Bh6 Ne8 13. Bd2 a6 14. O-O
Nf6 15. Bh6 Ne8 16. Be3 Nf6 17. Bh6 Ne8 18. Rae1 Bf6 19. Bd2 Bc6 20. Rc1
Rb8 21. Rfd1 Qe7 22. b4 g6 23. Bf4 Rd8 24. Be2 Bg7 25. Qe3 Rb8 26. e5 dxe5
27. Bxe5 Bxe5 28. Qxe5 Qb7 29. Bf1 Qc7 30. Qxc7 Nxc7 31. Rd6 Be8 32. a4 f5
33. b5 axb5 34. axb5 Kf7 35. Na4 Na8 36. Re1 1-0

[Event "TCh-RUS"]
[Site "Togliatti RUS"]
[Date "2003.05.20"]
[Round "5"]
[White "Bachin,V"]
[Black "Rustemov,A"]
[Result "0-1"]
[WhiteElo "2443"]
[BlackElo "2581"]
[EventDate "2003.05.16"]

1. e4 e6 2. d3 d5 3. Nd2 Nf6 4. c3 c5 5. Ngf3 Nc6 6. Be2 Be7 7. O-O Qc7 8.
a3 O-O 9. b4 Rd8 10. Qc2 b6 11. Bb2 Bb7 12. b5 Ne5 13. Nxe5 Qxe5 14. c4 Qc7
15. cxd5 exd5 16. e5 Nd7 17. f4 a6 18. d4 axb5 19. f5 f6 20. Bxb5 Ba6 21.
Bxa6 Rxa6 22. Nf3 c4 23. g4 b5 24. Qg2 c3 25. Rac1 Rc6 26. exf6 Nxf6 27.
Ne5 Ne4 28. Nxc6 Qxc6 29. Kh1 Bf6 30. Rc2 h6 31. Bc1 Qc4 32. Qe2 Bxd4 33.
Kg2 Bf6 34. Qf3 Ng5 35. Bxg5 hxg5 36. Re1 d4 37. Re4 Qc6 38. Rce2 d3 39.
Re8+ Rxe8 40. Qxc6 Rxe2+ 41. Kf3 c2 42. h4 Re1 43. hxg5 Bxg5 44. f6 c1=Q
0-1

[Event "TCh-RUS"]
[Site "Togliatti RUS"]
[Date "2003.05.20"]
[Round "5"]
[White "Najer,E"]
[Black "Batsanin,D"]
[Result "1-0"]
[WhiteElo "2606"]
[BlackElo "2431"]
[EventDate "2003.05.16"]

1. d4 d5 2. c4 dxc4 3. Nf3 Nf6 4. Nc3 c5 5. d5 e6 6. e4 exd5 7. e5 Nfd7 8.
Bg5 Be7 9. Bxe7 Qxe7 10. Nxd5 Qd8 11. Qc2 Nb6 12. O-O-O Nxd5 13. Bxc4 O-O
14. Bxd5 Qe7 15. h4 Na6 16. Ng5 g6 17. Qc3 Bf5 18. a3 Nc7 19. Be4 Nb5 20.
Qg3 Kh8 21. h5 Nd4 22. Rxd4 cxd4 23. hxg6 fxg6 24. Rxh7+ Qxh7 25. Nxh7 Kxh7
26. Qf4 Kg7 27. Qh4 Rf7 28. Bxf5 Rxf5 29. Qxd4 Rc8+ 30. Kb1 Rc7 31. e6+ 1-0

[Event "TCh-RUS"]
[Site "Togliatti RUS"]
[Date "2003.05.20"]
[Round "5"]
[White "Ivanov,Al2"]
[Black "Dolmatov,S"]
[Result "1/2-1/2"]
[WhiteElo "2419"]
[BlackElo "2606"]
[EventDate "2003.05.16"]

1. d4 Nf6 2. Nf3 g6 3. c4 Bg7 4. Nc3 O-O 5. e4 d6 6. h3 e5 7. d5 a5 8. Be3
Na6 9. Be2 Bd7 10. O-O Ne8 11. Ne1 f5 12. exf5 Bxf5 13. g4 Bd7 14. Qd2 Nc5
15. f3 Nf6 16. Nd3 Na4 17. Nxa4 Bxa4 18. Nf2 Bd7 19. Rad1 b6 1/2-1/2

[Event "TCh-RUS"]
[Site "Togliatti RUS"]
[Date "2003.05.20"]
[Round "5"]
[White "Galkin,A"]
[Black "Petukhov,Val"]
[Result "1-0"]
[WhiteElo "2591"]
[BlackElo "2467"]
[EventDate "2003.05.16"]

1. e4 e5 2. Nf3 Nc6 3. Bb5 d6 4. d4 Bd7 5. O-O Nf6 6. Re1 Be7 7. d5 Nb8 8.
Bxd7+ Nbxd7 9. c4 O-O 10. Nc3 h6 11. Rb1 Nh7 12. b4 Ng5 13. a4 Nxf3+ 14.
Qxf3 Bg5 15. a5 a6 16. Na4 Bxc1 17. Rexc1 f5 18. exf5 Qg5 19. c5 Rxf5 20.
Qe3 Qg6 21. cxd6 cxd6 22. Nb6 Rd8 23. Rb2 Nf6 24. Rc7 Rf8 25. Qe1 e4 26.
Rxb7 Ng4 27. Nd7 Qf7 28. b5 axb5 29. a6 Ra8 30. h3 Ne5 1-0

[Event "TCh-RUS"]
[Site "Togliatti RUS"]
[Date "2003.05.20"]
[Round "5"]
[White "Sakaev,K"]
[Black "Kalugin,S"]
[Result "1-0"]
[WhiteElo "2664"]
[BlackElo "2454"]
[EventDate "2003.05.16"]

1. d4 Nf6 2. c4 e6 3. Nc3 d5 4. cxd5 exd5 5. Bg5 Be7 6. e3 c6 7. Bd3 O-O 8.
Qc2 Nbd7 9. Nge2 Re8 10. O-O g6 11. f3 Nh5 12. Bxe7 Qxe7 13. e4 dxe4 14.
fxe4 Nb6 15. Rf2 Be6 16. Raf1 Rad8 17. Qc1 Rf8 18. Qh6 f6 19. h3 Bc4 20.
Bc2 c5 21. d5 Nd7 22. Bb3 Ne5 23. Bxc4 Nxc4 24. g4 Ng7 25. Ng3 Qe5 26. Qf4
Qe7 27. b3 Ne5 28. Qe3 b6 29. Kg2 Rf7 30. Nge2 Qd6 31. Nf4 Rdd7 32. Qg3 a6
33. a4 Ne8 34. Ne6 Rde7 35. g5 fxg5 36. Nxg5 Rxf2+ 37. Qxf2 Rd7 38. Qg3 Re7
39. Ne6 Rf7 40. Rxf7 Kxf7 41. a5 bxa5 42. Qf2+ Nf6 43. Qxc5 Qxc5 44. Nxc5
Ned7 45. Nd3 Nb6 46. Kf3 g5 47. Ke3 h5 48. Kd4 g4 49. h4 Nfd7 50. Nf4 Nf8
51. e5 1-0

[Event "TCh-RUS"]
[Site "Togliatti RUS"]
[Date "2003.05.20"]
[Round "5"]
[White "Volkov,S"]
[Black "Olenin,N"]
[Result "1/2-1/2"]
[WhiteElo "2634"]
[BlackElo "2406"]
[EventDate "2003.05.16"]

1. d4 Nf6 2. c4 e6 3. Nc3 Bb4 4. e3 O-O 5. Nge2 Re8 6. a3 Bf8 7. d5 a5 8.
Ng3 Na6 9. Bd3 Nc5 10. Bc2 d6 11. Rb1 Bd7 12. b4 axb4 13. axb4 Na6 14. O-O
exd5 15. Nxd5 c6 16. Nxf6+ Qxf6 17. Ne4 Qh6 18. b5 Nc7 19. bxc6 Bxc6 20.
Ng3 Qe6 21. Qd3 g6 22. Nh5 Qe5 23. Nf4 Ne6 24. Nxe6 Qxe6 25. Bb2 Bg7 26.
Bxg7 Kxg7 27. Rfd1 Kg8 28. h3 Ra5 29. Qxd6 Rc5 30. g4 Qxc4 31. Bd3 Qd5 32.
Qxd5 Rxd5 33. Bf1 Rxd1 34. Rxd1 Re5 35. Bg2 Bxg2 36. Kxg2 h5 37. Kf3 hxg4+
38. hxg4 Rb5 1/2-1/2

[Event "TCh-RUS"]
[Site "Togliatti RUS"]
[Date "2003.05.20"]
[Round "5"]
[White "Platonov,E"]
[Black "Smirnov,P"]
[Result "0-1"]
[WhiteElo "2392"]
[BlackElo "2615"]
[EventDate "2003.05.16"]

1. d4 d5 2. c4 c6 3. Nf3 Nf6 4. Nc3 e6 5. cxd5 exd5 6. Bg5 h6 7. Bh4 Bf5 8.
e3 Nbd7 9. Bd3 Bxd3 10. Qxd3 Bd6 11. O-O O-O 12. Bg3 Bxg3 13. hxg3 Qe7 14.
b4 b5 15. a4 a6 16. Rab1 Ne4 17. Rfe1 f5 18. a5 Nd6 19. Ne2 Nc4 20. Nf4 Qf6
21. Qd1 Rfe8 22. Nd3 g5 23. Nc5 Re7 24. Re2 g4 25. Ne1 h5 26. Nxd7 Rxd7 27.
Nd3 h4 28. Qe1 Rh7 29. Nc5 Kf7 30. e4 hxg3 31. fxg3 Rah8 32. e5 Rh1+ 33.
Kf2 Rxe1 0-1

[Event "TCh-RUS"]
[Site "Togliatti RUS"]
[Date "2003.05.20"]
[Round "5"]
[White "Ivanov,Se"]
[Black "Pimonenko,B"]
[Result "1-0"]
[WhiteElo "2557"]
[BlackElo "2356"]
[EventDate "2003.05.16"]

1. d4 g6 2. c4 Bg7 3. e4 d6 4. Nc3 e5 5. dxe5 dxe5 6. Qxd8+ Kxd8 7. f4 Nc6
8. Nf3 Nd4 9. Kf2 Nxf3 10. gxf3 Ne7 11. Be3 exf4 12. Rd1+ Ke8 13. Bxf4 c6
14. h4 Be6 15. e5 Bf5 16. Ne4 Bxe4 17. fxe4 g5 18. Bxg5 Bxe5 19. Bh3 f6 20.
Be3 b6 21. b4 Kf7 22. Rd7 Rhg8 23. Rg1 Rxg1 24. Kxg1 Bc3 25. a3 Bb2 26. a4
Bc3 27. b5 cxb5 28. axb5 Bb4 29. Kf2 h5 30. Ke2 Ba3 31. Kd3 Ke8 32. Be6 Rd8
33. Rxd8+ Kxd8 34. Bf7 Bd6 35. Bd4 Be5 36. Bxh5 Nc8 37. Bg4 Nd6 38. h5 Ke7
39. h6 Kf7 40. Bf5 Nb7 41. Be3 Nc5+ 42. Bxc5 bxc5 43. h7 Kg7 44. Ke3 Kh8
45. Kf3 Kg7 46. Kg4 Bc7 47. Bg6 Kh8 48. Kf5 Bd8 49. Ke6 Kg7 50. Bf5 Ba5 51.
Kd5 Bb6 52. Kd6 Kh8 53. Ke7 Kg7 54. h8=Q+ Kxh8 55. Kxf6 Kg8 56. Ke7 1-0

[Event "TCh-RUS"]
[Site "Togliatti RUS"]
[Date "2003.05.20"]
[Round "5"]
[White "Konstantinov,Vas"]
[Black "Popov,Val"]
[Result "0-1"]
[WhiteElo "2254"]
[BlackElo "2570"]
[EventDate "2003.05.16"]

1. e4 c5 2. Nc3 a6 3. g3 b5 4. Bg2 Bb7 5. d3 g6 6. f4 Bg7 7. Nf3 d6 8. O-O
Nd7 9. Nd5 e6 10. Ne3 Ne7 11. f5 exf5 12. exf5 O-O 13. g4 Qb6 14. c3 Rae8
15. Qd2 Kh8 16. Qf2 gxf5 17. g5 f6 18. Bd2 Ne5 19. gxf6 Rxf6 20. d4 cxd4
21. cxd4 Nxf3+ 22. Bxf3 Rg6+ 23. Kh1 Bxd4 24. Bc3 Bxc3 25. bxc3 Reg8 26.
Rad1 f4 27. Nc2 Rg1+ 0-1

[Event "TCh-RUS"]
[Site "Togliatti RUS"]
[Date "2003.05.20"]
[Round "5"]
[White "Shomoev,A"]
[Black "Bocharov,D"]
[Result "0-1"]
[WhiteElo "2558"]
[BlackElo "2492"]
[EventDate "2003.05.16"]

1. e4 c5 2. Nf3 Nc6 3. d4 cxd4 4. Nxd4 Nf6 5. Nc3 d6 6. Bg5 Qb6 7. Nb3 e6
8. Qd2 a6 9. O-O-O Be7 10. f3 O-O 11. h4 Rd8 12. Be3 Qc7 13. Qf2 Nd7 14. g4
b5 15. g5 Rb8 16. h5 Nb6 17. g6 Na4 18. Ne2 Ne5 19. gxh7+ Kxh7 20. Rg1 Nc4
21. Qg2 Bf6 22. Bd4 e5 23. Nf4 Bb7 24. h6 g6 25. Ne6 Qe7 26. Nxd8 Rxd8 27.
Bf2 Ncxb2 28. Rd2 d5 29. Bc5 Nxc5 30. Nxc5 Qxc5 31. Kxb2 dxe4 32. Rxd8 Bxd8
33. fxe4 Bb6 34. Qf3 Qb4+ 35. Kc1 Bxg1 36. Qxf7+ Kxh6 37. Qf8+ 0-1

[Event "TCh-RUS"]
[Site "Togliatti RUS"]
[Date "2003.05.20"]
[Round "5"]
[White "Frolov,D"]
[Black "Abashev,D"]
[Result "1/2-1/2"]
[WhiteElo "2418"]
[BlackElo "2437"]
[EventDate "2003.05.16"]

1. e4 e5 2. Nf3 Nc6 3. Nc3 Nf6 4. d4 exd4 5. Nxd4 Bb4 6. Nxc6 bxc6 7. Bd3
d5 8. exd5 cxd5 9. O-O O-O 10. Bg5 c6 11. Na4 Bd6 12. Re1 Rb8 13. c3 h6 14.
Bh4 Bg4 15. Qc2 Be6 16. Bg3 c5 17. Rad1 Re8 18. c4 d4 19. b3 Bxg3 20. hxg3
Qd6 21. Qd2 Bd7 22. Qa5 Bxa4 23. Qxa4 Re7 24. Qa5 Rbe8 25. Qd2 Qb6 26. Rxe7
Rxe7 27. Re1 Rxe1+ 28. Qxe1 a5 29. Kf1 g6 30. Qe7 Kg7 31. Qe5 Qb4 32. Qe2
Qc3 33. Qc2 Qa1+ 34. Qb1 Qc3 35. Qc2 Qb4 36. Qe2 h5 37. f3 Qb8 38. Qf2 Qb4
39. Qe2 Qc3 40. Qc2 Qb4 41. Qe2 1/2-1/2

[Event "TCh-RUS"]
[Site "Togliatti RUS"]
[Date "2003.05.20"]
[Round "5"]
[White "Kolotilin,Y"]
[Black "Loskutov,O"]
[Result "0-1"]
[WhiteElo "2332"]
[BlackElo "2439"]
[EventDate "2003.05.16"]

1. e4 c5 2. Nf3 d6 3. d4 cxd4 4. Nxd4 Nf6 5. Nc3 a6 6. f4 e5 7. Nf3 Nbd7 8.
a4 Be7 9. Be2 O-O 10. O-O exf4 11. Kh1 Nc5 12. Bd3 b6 13. Bxf4 Bb7 14. Re1
Ne6 15. Bg3 d5 16. exd5 Nxd5 17. Nxd5 Qxd5 18. Qe2 Bf6 19. Rad1 Qa5 20. Ne5
Bxe5 21. Bxe5 Qxa4 22. Qh5 g6 23. Qh3 Rfe8 24. b3 Qa5 25. Bc4 Ng5 26. Qg3
Ne4 27. Bxf7+ Kxf7 28. Rd7+ Re7 29. Qf4+ Kg8 30. Rxe4 Bxe4 31. Qxe4 Rxd7
32. Qxa8+ Kf7 33. Qf3+ Ke8 34. Qe2 Re7 35. Qf2 Qxe5 0-1

[Event "TCh-RUS"]
[Site "Togliatti RUS"]
[Date "2003.05.20"]
[Round "5"]
[White "Beletsky,A"]
[Black "Roppel,K"]
[Result "1/2-1/2"]
[WhiteElo "2439"]
[BlackElo "2287"]
[EventDate "2003.05.16"]

1. d4 g6 2. c4 Bg7 3. g3 d6 4. Bg2 e5 5. dxe5 dxe5 6. Qxd8+ Kxd8 7. Nc3 c6
8. b3 Nh6 9. Ba3 f6 10. Rd1+ Ke8 11. Ne4 Nf7 12. Nf3 a5 13. O-O Na6 14. Rd2
Bf5 15. Nh4 Bxe4 16. Bxe4 Rd8 17. Rfd1 Rxd2 18. Rxd2 Bf8 19. Bxf8 Rxf8 20.
f4 Nc5 21. Bc2 e4 22. f5 g5 23. Ng2 Ke7 24. a3 Rd8 25. Rxd8 Kxd8 26. Kf2
Nd6 27. Ne3 Kd7 28. Ke1 b5 29. cxb5 Nxb5 30. Nc4 Nd4 31. Kd2 e3+ 32. Nxe3
Ncxb3+ 33. Kc3 Nxc2 34. Kxc2 a4 35. Ng4 Ke7 36. Kc3 h5 37. Ne3 Kd6 38. Kb4
Nc1 39. Nc4+ Kd5 40. Nb6+ Ke4 41. Nxa4 Kd4 42. Nc5 Na2+ 43. Kb3 Nc1+ 44.
Kc2 Nxe2 45. Nd7 Kc4 46. Nxf6 Nd4+ 47. Kb2 Nxf5 48. Nxh5 g4 49. Nf4 c5 50.
a4 Ne3 51. h3 1/2-1/2

[Event "TCh-RUS"]
[Site "Togliatti RUS"]
[Date "2003.05.20"]
[Round "5"]
[White "Cherniaev,A2"]
[Black "Odinokov,N"]
[Result "0-1"]
[WhiteElo "2228"]
[BlackElo "2349"]
[EventDate "2003.05.16"]

1. d4 Nf6 2. c4 c5 3. d5 b5 4. cxb5 a6 5. bxa6 Bxa6 6. Nc3 g6 7. g3 Bg7 8.
Bg2 d6 9. Nf3 O-O 10. O-O Nbd7 11. Re1 Qc7 12. e4 Ng4 13. Bf1 Bxf1 14. Rxf1
Rfb8 15. Qc2 Nge5 16. Nxe5 Nxe5 17. f4 Nc4 18. Nd1 Na5 19. Rb1 Qa7 20. Bd2
Bd4+ 21. Kh1 Qa6 22. Nc3 Nc4 23. Rfe1 Qa5 24. f5 Nxd2 25. Qxd2 Rxb2 26.
Qxb2 Bxc3 27. Qe2 Bxe1 28. Rxe1 Qxa2 29. fxg6 hxg6 30. Qf3 Qb2 31. Rf1 f6
32. Qg4 Kg7 33. h4 Ra2 0-1

[Event "TCh-RUS"]
[Site "Togliatti RUS"]
[Date "2003.05.20"]
[Round "5"]
[White "Loginov,Va"]
[Black "Iskusnyh,S"]
[Result "1-0"]
[WhiteElo "2540"]
[BlackElo "2505"]
[EventDate "2003.05.16"]

1. Nf3 c5 2. c4 g6 3. g3 Bg7 4. Bg2 Nc6 5. Nc3 e5 6. a3 d6 7. O-O Nge7 8.
b4 e4 9. Ne1 f5 10. Bb2 O-O 11. d3 Be6 12. Rb1 exd3 13. exd3 Nd4 14. Nf3 f4
15. Nxd4 Bxd4 16. Ne4 Nc6 17. bxc5 dxc5 18. Bxd4 Qxd4 19. Rxb7 h6 20. gxf4
Rxf4 21. Qa1 Bg4 22. Nxc5 Bf3 23. Bxf3 Rxf3 24. Qxd4 Nxd4 25. Rd7 Rf4 26.
Rb1 Nf3+ 27. Kg2 Raf8 28. Ne4 Rg4+ 29. Ng3 Ne5 30. Rd5 Nf3 31. Rb7 Ng5 32.
Rd6 Nf7 33. Rf6 1-0

[Event "TCh-RUS"]
[Site "Togliatti RUS"]
[Date "2003.05.20"]
[Round "5"]
[White "Sherbakov,V"]
[Black "Yevseev,D"]
[Result "1/2-1/2"]
[WhiteElo "2446"]
[BlackElo "2580"]
[EventDate "2003.05.16"]

1. d4 d5 2. c4 e6 3. Nc3 c6 4. Nf3 Nf6 5. a4 Bb4 6. Bg5 h6 7. Bxf6 Qxf6 8.
e3 a5 9. Bd3 dxc4 10. Bxc4 Nd7 11. O-O e5 12. Ne4 Qe7 13. d5 O-O 14. d6 Qd8
15. Qc2 Kh8 16. Rad1 f5 17. Ng3 e4 18. Nd4 Nc5 19. d7 Bxd7 20. Ndxf5 Qf6
21. Nd6 Rad8 22. Ndxe4 Qe5 23. Nxc5 Bxc5 24. Qe4 Bd6 25. f4 Qe7 26. Rd4 Bc5
27. Qxe7 Bxe7 28. Rfd1 Bg4 29. Be2 Rxd4 30. Rxd4 Bc5 31. Re4 Bd7 32. h3 b5
33. Kf2 Bb4 34. axb5 cxb5 35. Re5 Rb8 36. Nf5 Bd2 37. Rd5 Bxf5 38. Rxd2 Be6
39. Rd6 Bb3 40. e4 a4 41. Ra6 b4 42. Ke3 Bc2 43. Bc4 a3 44. b3 Kh7 45. f5
Rc8 46. Kd4 Rd8+ 47. Ke3 Rc8 48. Kd4 Rd8+ 49. Kc5 Bxe4 50. Kxb4 Bxg2 51. h4
Be4 52. Be6 Rf8 53. Ra5 a2 54. Rxa2 Bxf5 55. Bd5 g5 56. hxg5 hxg5 57. Kc5
Rc8+ 58. Kd6 Rb8 59. Ke5 Bg6 60. Rg2 Kh6 61. Rh2+ Kg7 62. Rb2 Bf7 63. Bxf7
Kxf7 64. b4 Ke7 65. Kd5 Kd7 66. Kc5 Kc7 1/2-1/2

[Event "TCh-RUS"]
[Site "Togliatti RUS"]
[Date "2003.05.20"]
[Round "5"]
[White "Klimov,S"]
[Black "Smikovski,I"]
[Result "1/2-1/2"]
[WhiteElo "2507"]
[BlackElo "2489"]
[EventDate "2003.05.16"]

1. e4 e5 2. Nf3 Nf6 3. Nxe5 d6 4. Nf3 Nxe4 5. d4 d5 6. Bd3 Be7 7. O-O Nc6
8. c4 Nb4 9. Be2 O-O 10. Nc3 Be6 11. Be3 Bf5 12. Rc1 dxc4 13. Bxc4 c6 14.
Ne5 Nxc3 15. bxc3 Nd5 16. Qf3 Be6 17. Bd3 Bd6 18. Bd2 Qh4 19. Rfe1 Nf6 20.
a4 Ng4 21. Bf4 Bd5 22. Bg3 Nxe5 23. dxe5 Qh6 24. Be4 Bxe4 25. Qxe4 Bc7 26.
Rb1 Bb6 27. Rbd1 Rae8 28. Qb4 Qe6 29. Rd6 Qf5 30. Red1 Bc7 31. Rd7 Bxe5 32.
Rxb7 Qc2 33. Qb3 Qe2 1/2-1/2

[Event "TCh-RUS"]
[Site "Togliatti RUS"]
[Date "2003.05.20"]
[Round "5"]
[White "Vitiugov,N"]
[Black "Lubashov,A"]
[Result "0-1"]
[WhiteElo "2447"]
[BlackElo "2414"]
[EventDate "2003.05.16"]

1. e4 e6 2. d4 d5 3. Nc3 Bb4 4. e5 c5 5. a3 Bxc3+ 6. bxc3 Qa5 7. Bd2 Qa4 8.
Qb1 c4 9. h4 Nc6 10. h5 h6 11. Ne2 Bd7 12. Rh3 Nge7 13. Rg3 Rg8 14. Rf3
O-O-O 15. Qc1 Rdf8 16. g4 f6 17. exf6 Rxf6 18. Rxf6 gxf6 19. f3 e5 20. Bxh6
e4 21. Ng3 Qa5 22. Qe3 exf3 23. Kf2 Bxg4 24. Bf4 Qd8 25. Re1 Qd7 26. Qd2
Nd8 27. Nh1 Bxh5 28. Bg3 Ng6 29. Qe3 Qf5 30. Qc1 Bg4 31. Kg1 Qh5 32. Qd2
Ne6 33. Qh2 Qxh2+ 34. Kxh2 Rh8+ 35. Kg1 Ng5 36. Nf2 Bf5 37. Rb1 Bd7 38. Re1
b6 39. Rb1 Kb7 40. Bh2 Kc6 41. Re1 Bf5 42. Re3 Bxc2 43. Ng4 Rf8 0-1

[Event "TCh-RUS"]
[Site "Togliatti RUS"]
[Date "2003.05.20"]
[Round "5"]
[White "Bogachkov,I"]
[Black "Smirnov,Ar"]
[Result "1-0"]
[WhiteElo "2324"]
[BlackElo "2368"]
[EventDate "2003.05.16"]

1. e4 c5 2. Nf3 Nc6 3. Bb5 g6 4. O-O Bg7 5. c3 Nf6 6. Re1 O-O 7. h3 e5 8.
d3 d6 9. Bg5 h6 10. Be3 Bd7 11. Nbd2 a6 12. Ba4 b5 13. Bc2 Nh5 14. Nf1 f5
15. exf5 gxf5 16. Bb3+ Kh7 17. Ng5+ hxg5 18. Qxh5+ Bh6 19. d4 c4 20. Bc2 e4
21. Qd1 Kg7 22. d5 Ne5 23. Bd4 Kg8 24. Bxe5 dxe5 25. a4 Qb6 26. axb5 Bxb5
27. Ne3 Rad8 28. Ba4 Bg7 29. Bxb5 axb5 30. Qh5 f4 31. Ng4 e3 32. fxe3 Rxd5
33. Qxg5 Rd2 34. Nxe5 Rd5 35. Qg6 Qc7 36. Qe6+ Kh7 37. Qxd5 Bxe5 38. exf4
Bxf4 39. Qe4+ Kg7 40. Qd4+ Kg8 1-0

[Event "TCh-RUS"]
[Site "Togliatti RUS"]
[Date "2003.05.20"]
[Round "5"]
[White "Potkin,V"]
[Black "Filippov,Va"]
[Result "1/2-1/2"]
[WhiteElo "2522"]
[BlackElo "2627"]
[EventDate "2003.05.16"]

1. e4 e6 2. d4 d5 3. e5 c5 4. c3 Nc6 5. Nf3 Qb6 6. a3 Nh6 7. b4 cxd4 8.
cxd4 Nf5 9. Be3 f6 10. Bd3 Nxe3 11. fxe3 fxe5 12. b5 Nxd4 13. exd4 e4 14.
Bxe4 dxe4 15. Ne5 Bd7 16. O-O O-O-O 17. Nc3 Bc5 18. Na4 Bxd4+ 19. Kh1 Qd6
20. Nf7 Qd5 21. Nxh8 Rxh8 22. Nc3 Bxc3 23. Qc2 Qd2 24. Rac1 Qxc2 25. Rxc2
Bxb5 26. Rf7 Rd8 27. Rxc3+ Bc6 28. Kg1 Rd1+ 29. Kf2 Rd2+ 30. Ke1 Rxg2 31.
Rg3 Be8 32. Rc3+ Bc6 33. Rg3 Be8 1/2-1/2

[Event "TCh-RUS"]
[Site "Togliatti RUS"]
[Date "2003.05.20"]
[Round "5"]
[White "Pigusov,E"]
[Black "Lysyj,I"]
[Result "1/2-1/2"]
[WhiteElo "2588"]
[BlackElo "2475"]
[EventDate "2003.05.16"]

1. Nf3 e6 2. g3 b6 3. Bg2 Bb7 4. c4 c5 5. O-O Nc6 6. Nc3 Nf6 7. b3 Be7 8.
Bb2 O-O 9. e3 d5 10. cxd5 Nxd5 11. Nxd5 exd5 12. d4 a5 13. dxc5 bxc5 14.
Ne1 Ba6 15. Nd3 Nb4 16. Nxb4 axb4 17. Re1 Bb7 18. Qg4 Bf6 19. Bxf6 Qxf6 20.
Qe2 Qb6 21. Red1 Rfd8 22. Rd2 Rd6 23. Rc1 Rad8 24. Qh5 h6 25. Rcd1 Qa7 26.
h4 Qa8 27. e4 Ra6 28. exd5 Rxa2 29. Rxa2 Qxa2 30. d6 Bxg2 31. Kxg2 Qxb3 32.
d7 Qc2 33. Qd5 b3 34. Rd2 1/2-1/2

[Event "TCh-RUS"]
[Site "Togliatti RUS"]
[Date "2003.05.20"]
[Round "5"]
[White "Frolyanov,D"]
[Black "Iljin,A"]
[Result "1-0"]
[WhiteElo "2500"]
[BlackElo "2456"]
[EventDate "2003.05.16"]

1. e4 c6 2. d4 d5 3. exd5 cxd5 4. c4 Nf6 5. Nc3 e6 6. Nf3 Bb4 7. cxd5 Nxd5
8. Bd2 O-O 9. Bd3 Nc6 10. O-O Be7 11. Be3 Nf6 12. a3 b6 13. Re1 Bb7 14. Bc2
Qd6 15. Qd3 Rad8 16. d5 exd5 17. Bg5 g6 18. Nb5 Ba6 19. Nxd6 Bxd3 20. Bxd3
Rxd6 21. Bf4 Re6 22. Rxe6 fxe6 23. Rc1 Ng4 24. Bg3 Nd8 25. h3 Nh6 26. Rc7
Bf6 27. Bd6 Rf7 28. Rc8 Nf5 29. Be5 Be7 30. Bb8 a5 31. Ne5 Rf8 32. Nd7 Re8
33. Be5 Kf7 34. Nxb6 Nb7 35. Rc7 Nc5 36. Bb5 Rd8 37. g4 Nh4 38. Bg3 Nf3+
39. Kg2 Nd4 40. Bf1 Kf8 41. Nc8 Rd7 42. Nxe7 Rxc7 43. Bxc7 Kxe7 44. Bxa5
Na4 45. Bb4+ Kd8 46. Bc3 Nxc3 47. bxc3 Nb3 48. Bd3 Nc1 49. Bf1 Nb3 50. Kg3
Ke7 51. Kf4 Kf6 52. Bd3 e5+ 53. Ke3 Ke6 54. f4 e4 55. Be2 Na5 56. c4 Kd6
57. cxd5 Kxd5 58. Ba6 1-0

[Event "TCh-RUS"]
[Site "Togliatti RUS"]
[Date "2003.05.21"]
[Round "6"]
[White "Smirnov,P"]
[Black "Rustemov,A"]
[Result "1/2-1/2"]
[WhiteElo "2615"]
[BlackElo "2581"]
[EventDate "2003.05.16"]

1. d4 d5 2. c4 dxc4 3. Nf3 e6 4. e3 c5 5. Bxc4 a6 6. O-O Nf6 7. Bb3 cxd4 8.
exd4 Be7 9. Nc3 O-O 10. Re1 Nc6 11. Bg5 Na5 12. Bc2 b5 13. Qd2 Bb7 14. Qf4
Bxf3 15. Qxf3 Nc4 16. Ne4 Nxe4 17. Bxe7 Qxe7 18. Qxe4 g6 19. d5 e5 20. Bb3
Rac8 21. Bxc4 Rxc4 22. Qxe5 Qxe5 23. Rxe5 Rc2 24. Rb1 Rd8 25. Kf1 Rd2
1/2-1/2

[Event "TCh-RUS"]
[Site "Togliatti RUS"]
[Date "2003.05.21"]
[Round "6"]
[White "Najer,E"]
[Black "Ivanov,Se"]
[Result "1/2-1/2"]
[WhiteElo "2606"]
[BlackElo "2557"]
[EventDate "2003.05.16"]

1. Nf3 Nf6 2. d4 d5 3. g3 Bf5 4. Bg2 e6 5. O-O Be7 6. c4 c6 7. Nc3 Nbd7 8.
b3 Ne4 9. Bb2 O-O 10. e3 Nxc3 11. Bxc3 Be4 12. Qe2 b6 13. Nd2 Bxg2 14. Kxg2
Rc8 15. e4 c5 16. exd5 1/2-1/2

[Event "TCh-RUS"]
[Site "Togliatti RUS"]
[Date "2003.05.21"]
[Round "6"]
[White "Lugovoi,A"]
[Black "Galkin,A"]
[Result "1/2-1/2"]
[WhiteElo "2563"]
[BlackElo "2591"]
[EventDate "2003.05.16"]

1. d4 d5 2. c4 e6 3. Nf3 c6 4. Nbd2 f5 5. g3 Nf6 6. Bg2 Bd6 7. O-O O-O 8.
Ne5 Qe7 9. Ndf3 b6 10. Qc2 Bb7 11. Bf4 Ne4 12. Nd3 Na6 13. Bxd6 Qxd6 14.
Rac1 1/2-1/2

[Event "TCh-RUS"]
[Site "Togliatti RUS"]
[Date "2003.05.21"]
[Round "6"]
[White "Balashov,Y"]
[Black "Gabdrakhmanov,R"]
[Result "1/2-1/2"]
[WhiteElo "2494"]
[BlackElo "2427"]
[EventDate "2003.05.16"]

1. d4 Nf6 2. c4 d6 3. Nc3 e5 4. Nf3 Nbd7 5. Bg5 h6 6. Bh4 c6 7. e3 Be7 8.
Qc2 O-O 9. Bd3 Re8 10. O-O Nh5 11. Bg3 Nxg3 12. hxg3 a5 13. Rad1 Bf8 14.
Bh7+ Kh8 15. Bf5 exd4 16. Rxd4 g6 17. Bxd7 Bxd7 18. Rfd1 Qc7 19. Qd2 Bf5
20. Rh4 Kg8 21. g4 Bc8 22. g5 hxg5 23. Nxg5 Bg7 24. Nge4 Qe7 25. Nxd6 Qxh4
26. Nxe8 Bg4 27. Nxg7 Bxd1 28. Ne6 fxe6 29. Qxd1 Rd8 30. Qc2 Qg4 31. f3 Qf5
32. Ne4 Qe5 33. a4 g5 34. g4 Rd7 35. Kg2 Kf8 36. Qe2 Rh7 37. Kg1 Qh8 38.
Qg2 Rd7 39. Qe2 Qe5 40. Kg2 Ke7 41. Qc2 Kd8 42. Qe2 Kc8 43. Qc2 Kc7 44. Qe2
Kb8 45. Qc2 Rh7 46. Kg1 Qh8 47. Qg2 Qd8 48. Qe2 Ka7 49. c5 Qh8 50. Qg2 Rd7
51. Qc2 Qh4 52. Kg2 Qe1 53. Qc3 Qe2+ 54. Kg3 Rd1 55. Nxg5 e5 56. Qxa5+ Kb8
57. Ne6 Qxe3 58. Qc7+ Ka8 1/2-1/2

[Event "TCh-RUS"]
[Site "Togliatti RUS"]
[Date "2003.05.21"]
[Round "6"]
[White "Rodchenkov,V"]
[Black "Bachin,V"]
[Result "1/2-1/2"]
[WhiteElo "2417"]
[BlackElo "2443"]
[EventDate "2003.05.16"]

1. e4 c6 2. d4 d5 3. e5 Bf5 4. c3 e6 5. Be3 Nd7 6. Nd2 Ne7 7. f4 Bg6 8.
Ngf3 f6 9. Be2 Nf5 10. Bf2 fxe5 11. fxe5 Be7 12. g3 Qb6 13. b4 h5 14. Nb3
O-O-O 15. Qd2 Rdf8 16. Ng5 Bf7 17. Bd3 Bg8 18. O-O h4 19. g4 Qd8 20. gxf5
Bxg5 21. Be3 Rh5 22. fxe6 Bxe6 23. Rxf8 Nxf8 24. Nc5 Bh3 25. Bf1 Bf5 26.
Bd3 Bh3 27. Bf1 Bf5 28. Bd3 1/2-1/2

[Event "TCh-RUS"]
[Site "Togliatti RUS"]
[Date "2003.05.21"]
[Round "6"]
[White "Isajevsky,A"]
[Black "Babiy,A"]
[Result "1/2-1/2"]
[WhiteElo "2385"]
[BlackElo "2471"]
[EventDate "2003.05.16"]

1. c4 Nf6 2. Nf3 g6 3. Nc3 c5 4. g3 Bg7 5. Bg2 O-O 6. O-O d5 7. cxd5 Nxd5
8. d4 Nc6 9. Nxd5 Qxd5 10. Be3 cxd4 11. Nxd4 Qa5 12. Nxc6 bxc6 13. Bf4 Bf5
14. e4 Be6 15. Qc2 c5 16. e5 Rac8 17. Bd2 Qc7 18. f4 Rfd8 19. Be3 Qa5 20.
b3 c4 21. bxc4 Rxc4 22. Qf2 Rd7 23. Rfc1 Rxc1+ 24. Rxc1 f6 25. exf6 Bxf6
26. a4 Qxa4 27. Bc6 Rd1+ 28. Kg2 Bd5+ 29. Bxd5+ Rxd5 30. Bxa7 Qe4+ 31. Qf3
Rd2+ 32. Bf2 1/2-1/2

[Event "TCh-RUS"]
[Site "Togliatti RUS"]
[Date "2003.05.21"]
[Round "6"]
[White "Ivanov,Al2"]
[Black "Askarov,M"]
[Result "1/2-1/2"]
[WhiteElo "2419"]
[BlackElo "2260"]
[EventDate "2003.05.16"]

1. d4 Nf6 2. c4 e6 3. Nc3 d5 4. Nf3 c6 5. g3 dxc4 6. Bg2 Bb4 7. O-O Nbd7 8.
e3 Nd5 9. Ne2 f5 10. Qc2 b5 11. b3 Ba6 12. e4 fxe4 13. Ng5 Qe7 14. Bxe4
N7f6 15. Bg2 O-O 16. bxc4 bxc4 17. Bh3 Kh8 18. Nxe6 Rfe8 19. a3 Bc8 20.
N2f4 Bc3 21. Rb1 Nxf4 22. Nxf4 Bxh3 23. Nxh3 Bxd4 24. Qxc4 Qe4 25. Rb4 c5
26. Ng5 Qd5 27. Ra4 Qxc4 28. Rxc4 Ng4 29. Rc2 Rab8 30. Kg2 Ne5 31. Bf4 Kg8
32. Nf3 Nxf3 33. Bxb8 Ne1+ 34. Rxe1 Rxe1 35. Bxa7 Ra1 36. Bxc5 Bxc5 37.
Rxc5 Rxa3 38. Rc7 h5 39. Kh3 Ra2 40. Kg2 Kh7 41. Rf7 Kg6 42. Rf8 Kh6 43.
Re8 g6 44. Kf3 Kg7 45. Re2 Ra4 46. Re4 Ra2 47. Re7+ Kf6 48. Rh7 Ra3+ 49.
Kg2 Ra2 50. Rh8 Kf7 51. Rc8 Rb2 52. Rc3 Kf6 53. Kf3 Ra2 54. Re3 Rb2 55. Re2
Rb4 56. Ra2 Kf7 57. Kg2 h4 58. Ra5 Kf6 59. f4 hxg3 60. hxg3 Rb3 61. Kh3 Rb4
62. Kh4 Rc4 63. Ra6+ Kf7 64. Ra5 Kf6 65. Kg4 Rb4 66. Re5 Rb3 67. Rd5 Ra3
68. Rd4 Rb3 69. Kh4 Rb6 70. g4 g5+ 71. fxg5+ Kg6 72. Rf4 Rb3 1/2-1/2